| 000 | 00887nam a2200229Ii 4500 | ||
|---|---|---|---|
| 003 | JO-AjNU | ||
| 008 | 230605s9999||||xx |||||||||||||| ||und|| | ||
| 017 | _a1979/5366 | ||
| 020 | _a7292-74-1 | ||
| 040 |
_aJO-AjNU _bara _erda _cJO-AjNU |
||
| 041 | _aara | ||
| 050 | 1 | 4 | _aBF698.F372.1980 |
| 100 | 3 |
_aطه،فرج عبد القادر, _eauthor _916759 |
|
| 245 | 0 | 0 | _aسيكولوجية الشخصية المعوقة للإنتاج :دراسة نظرية وميدانية في التوافق المهني والصحة النفسية |
| 264 | 3 | 1 | _aالقاهرة:مكتبة الخانجي،1980 |
| 300 |
_a275ص _bملخص بالانجليزية ص1-ص10 |
||
| 336 |
_atext _btxt _2rdacontent |
||
| 337 |
_aunmediated _bn _2rdamedia |
||
| 338 |
_avolume _bnc _2rdacarrier |
||
| 490 | 0 | _aمجموعة علم النفس الانساني | |
| 650 | 4 |
_aعلم نفس الشخصية _916760 |
|
| 999 |
_aA5038 _c8606 _d8606 |
||